Southville International School and Colleges
Your cart is empty.
  • Cart
  • Lists
    Public lists Eva Luna New books Lux_list list_1
    Your lists Log in to create your own lists
  • Log in to your account
  • Your cookies
  • Search history
Southville International School and Colleges
  • Advanced search
  • Recent comments
  • Most popular
  • Libraries

Log in to your account

Log in with GOOGLE


If you do not have an external account, but do have a local account, you can still log in:

  1. Home
  2. MARC view: Mastering the art of professional salesmanship
Normal view MARC view ISBD view

Mastering the art of professional salesmanship (Record no. 367458)

[ view plain ]
MARC details
000 -LEADER
fixed length control field 00786nam a22002297a 4500
003 - CONTROL NUMBER IDENTIFIER
control field 0
005 - DATE AND TIME OF LATEST TRANSACTION
control field 20250506173406.0
008 - FIXED-LENGTH DATA ELEMENTS--GENERAL INFORMATION
fixed length control field 250506b xxu||||| |||| 00| 0 eng d
020 ## - INTERNATIONAL STANDARD BOOK NUMBER
International Standard Book Number 9786214063918
050 ## - LIBRARY OF CONGRESS CALL NUMBER
Classification number HF 5438.25
Item number .P277 2025
100 ## - MAIN ENTRY--PERSONAL NAME
Personal name Pasahol, Jhon Ven Saint L.
Relator term [author]
245 ## - TITLE STATEMENT
Title Mastering the art of professional salesmanship
Statement of responsibility, etc Dr. Jhon Ven Saint L. Pasahol and Honeylette D. Villanueva
260 ## - PUBLICATION, DISTRIBUTION, ETC. (IMPRINT)
Place of publication, distribution, etc Manila
Name of publisher, distributor, etc Mindshapers Co. Inc.
Date of publication, distribution, etc c2025
300 ## - PHYSICAL DESCRIPTION
Extent x, 420 pages ;
Dimensions 26cm.
504 ## - BIBLIOGRAPHY, ETC. NOTE
Bibliography, etc Includes bibliographical references.
650 ## - SUBJECT ADDED ENTRY--TOPICAL TERM
Topical term or geographic name as entry element Selling – Philippines.
650 ## - SUBJECT ADDED ENTRY--TOPICAL TERM
Topical term or geographic name as entry element Sales personnel—Training of –Philippines.
650 ## - SUBJECT ADDED ENTRY--TOPICAL TERM
Topical term or geographic name as entry element Sales promotion.
650 ## - SUBJECT ADDED ENTRY--TOPICAL TERM
Topical term or geographic name as entry element Customer relations.
700 ## - ADDED ENTRY--PERSONAL NAME
Personal name Villanueva, Honeylette D.
942 ## - ADDED ENTRY ELEMENTS (KOHA)
Source of classification or shelving scheme Library of Congress Classification
Koha item type Books
Holdings
Withdrawn status Lost status Source of classification or shelving scheme Damaged status Home library Current library Shelving location Date acquired Source of acquisition Sub Shelving location Total Checkouts Full call number Barcode Date last seen Price effective from Koha item type
    Library of Congress Classification   College Library College Library Filipiniana Section 05/06/2025 Library Fund     HF 5438.25 .P277 2025 C24450 05/06/2025 05/06/2025 Books
    Library of Congress Classification   College Library College Library Filipiniana Section 05/06/2025 Library Fund     HF 5438.25 .P277 2025 C24451 05/06/2025 05/06/2025 Books
    Library of Congress Classification   College Library College Library Filipiniana Section 05/06/2025 Library Fund     HF 5438.25 .P277 2025 C24452 05/06/2025 05/06/2025 Books

Mastering the art of professional salesmanship

APA

Pasahol J. V. S. L., Villanueva H. D., . (2025). Mastering the art of professional salesmanship. Manila: Mindshapers Co. Inc.

Chicago

Pasahol Jhon Ven Saint L, Villanueva Honeylette D, . 2025. Mastering the art of professional salesmanship. Manila: Mindshapers Co. Inc.

Harvard

Pasahol J. V. S. L., Villanueva H. D., . (2025). Mastering the art of professional salesmanship. Manila: Mindshapers Co. Inc.

MLA

Pasahol Jhon Ven Saint L, Villanueva Honeylette D, . Mastering the art of professional salesmanship. Manila: Mindshapers Co. Inc. 2025.

  • Place hold
  • Print
  • Cite
  • Add to your cart (remove)
  • Save record
    BIBTEX Dublin Core MARCXML MARC (non-Unicode/MARC-8) MARC (Unicode/UTF-8) MARC (Unicode/UTF-8, Standard) MODS (XML) RIS
  • More searches
    Search for this title in:
    Other Libraries (WorldCat) Other Databases (Google Scholar) Online Stores (Bookfinder.com) Open Library (openlibrary.org)

Exporting to Dublin Core...

SOUTHVILLE LIBRARY

Southville International School and Colleges Library

1281 Tropical Ave. Cor. Luxembourg St., BF Homes International, Las Pinas City

Tel. No. 8256374 / 252358 Loc. 117/146

Powered by Koha